| 000 | 01150nam a2200289 a 4500 | ||
|---|---|---|---|
| 001 | BRL_188 | ||
| 005 | 20190320210628.0 | ||
| 008 | 851219s1983####mx-a######---#000-0#spa-# | ||
| 040 |
_aDLC _cDLC _dDLC |
||
| 041 | _aspa | ||
| 044 | _amx | ||
| 050 | 4 |
_aF1221.T9 _b.H57 1983 |
|
| 245 | 1 | 0 |
_aHistoria antigua de Zinacantán = Vo´ne k´op ta Tzinakanta. _clos redactores de esta historia: Mariano López Méndez...[et al.] ; dibujos de Mariano López Méndez. |
| 260 |
_aMéxico _bSecretaría de Educación y Cultura, Subsecretaría de Cultura y Recreación, Dirección de Publicaciones y Bibliotecas _c1983 |
||
| 300 |
_a49 p. _bil. _c22 cm. |
||
| 500 | _aAu226 | ||
| 500 | _a16 de septiembre No. 52, San Cristobal de las Casas, Chiapas, México | ||
| 546 | _aTexto en: tzotzil y español | ||
| 650 | 1 | 4 |
_aIndígenas Tzotzil _xHistoria _923172 |
| 650 | 1 | 4 |
_aLengua tzotzil _xtextos _923173 |
| 651 | 4 |
_aZinacantán (México) _xHistoria _923174 |
|
| 700 | 1 |
_aLópez Méndez, Mariano _923175 |
|
| 710 | 2 |
_aSubsecretaría de Cultura y Recreación, Chiapas (México) _923176 |
|
| 740 | 0 | _aVo´ne k´op ta Tzinakanta | |
| 902 | _aGRL | ||
| 942 |
_2lcc _cB |
||
| 999 |
_c9001 _d9001 |
||